Score 0/67 Timer 15:00
0 Plays Today
% Correct
The Half Blood Prince
90.1%
Horace Slughorn
88.9%
The Other Minister
87%
The Cave
86.4%
The White Tomb
86%
Spinners End
84.7%
The Battle of Hogwarts
83.6%
The Seven Potters
83.3%
The Wedding
83%
Malfoy Manor
82.2%
The Slug Club
81.9%
The Lightning-Struck Tower
81.1%
Shell Cottage
81%
Gringotts
81%
Xenophilius Lovegood
80.2%
The Deathly Hallows
79.8%
Godric's Hollow
79.7%
The Dark Lord Ascending
79.4%
Kings Cross
79.1%
The Flight of the Prince
79%
Nineteen Years Later
78.3%
Horcruxes
78.1%
The Silver Doe
78%
The Phoenix Lament
77.2%
Felix Felicis
76.9%
The Life and Lies of Albus Dumbledore
76.8%
Draco's Detour
76.7%
The Prince's Tale
76.6%
The Forest Again
76.4%
The Flaw in the Plan
75.9%
The Will of Albus Dumbledore
75.5%
Kreacher's Tale
75.2%
Sectumsempra
74.9%
The House of Gaunt
74.5%
% Correct
Fallen Warrior
74.4%
The Tale of the Three Brothers
74.3%
Will and Won't
74.2%
The Lost Diadem
73.8%
Magic is Might
71.7%
A Sluggish Memory
71.6%
A Place to Hide
70.3%
Snape Victorious
70.2%
The Wandmaker
70%
The Sacking of Severus Snape
69.9%
Bathilda's Secret
69.7%
The Elder Wand
68.9%
Hermione's Helping Hand
68.6%
A Very Frosty Christmas
68.4%
After the Burial
68.3%
An Excess of Phlegm
67.8%
The Final Hiding Place
66.8%
The Goblin's Revenge
65.8%
Silver and Opals
65.7%
The Thief
65.7%
The Unbreakable Vow
64.5%
Elf Tails
64.5%
Birthday Surprises
62.7%
The Muggle-Born Registration Commission
62.2%
The Secret Riddle
61.4%
The Unknowable Room
61.4%
The Seer Overheard
61.2%
The Bribe
60.6%
In Memorium
60.4%
Lord Voldemort's Request
59.3%
The Missing Mirror
58%
The Dursleys Departed
56.5%
The Ghoul in Pyjamas
56.2%
Remove Ads.
Support Sporcle.
Get the best of Sporcle when you Go Orange. This ad-free experience offers more features, more stats, and more fun while also helping to support Sporcle. Thank you for becoming a member.

You're not logged in!

Compare scores with friends on all Sporcle quizzes.
OR
Log In

Show Comments

Extras

Created Oct 2, 2009ReportNominate
Tags:Harry Potter Quiz, Chapter

Top Quizzes Today


Score Distribution

Your Account Isn't Verified!

In order to create a playlist on Sporcle, you need to verify the email address you used during registration. Go to your Sporcle Settings to finish the process.

Report this User

Report this user for behavior that violates our Community Guidelines.

Details: